| 000 | 00643nam a2200205Ia 4500 | ||
|---|---|---|---|
| 003 | GCL | ||
| 008 | 140319s9999 xx 000 0 ara d | ||
| 040 |
_aGCL / _cGCL |
||
| 082 | 0 | 4 |
_a823.03 _bج ص |
| 100 | 1 | _aجبرا ابراهيم جبرا | |
| 245 | 1 | 0 |
_aصيادون فى شارع ضيق / _cجبرا ابراهيم جبرا |
| 700 | 1 | _aمحمد عصفور | |
| 300 | _a263 ص | ||
| 490 |
_aكتاب _v0 |
||
| 650 | 0 | 4 | _aالقصص الانجليزية المترجمة |
| 650 | 0 | 4 | _aالادب الانجليزى |
| 650 | 0 | 4 | _aالقصص الروسية |
| 650 | 0 | 4 | _aالادب الانجليزى المترجم |
| 942 |
_2ddc _cBK |
||
| 999 |
_c40875 _d40875 |
||